000 01639nam0a2200313 4500
001 RU\NLR\b_ik\186882
005 20260406104433.0
010 _a978-5-9535-0259-7
_9150
021 _aRU
_b2010-78943
_95265
035 _a(NLR Aleph) 002259390
090 _a3798131
_c3798130
100 _a20101113d2010 |||y0rusy50 ca
101 0 _aeng
102 _aRU
105 _ay |||||||||
200 1 _aEconomic security problems in the Euro-Atlantic region
_e(situation analysis findings within the Euro-Atlantic security initiative, Moscow, 29 June 2010)
_fInst. of world economy a. intern. relations, Russ. acad. of sciences
_g[comp. a. ed. by Irina Kobrinskaya]
210 _aMoscow
_cIMEMO RAN
_d2010
215 _a69 с.
_d29
320 _aБиблиогр. в подстроч. примеч.
541 0 _aПроблемя экономической безопасности в Евро-Атлантическом регионе
_eСитуация, анализирующая находки внутри Евро-Атлантических инициатив по безопасности
_zrus
606 1 _aЭкономическая безопасность
_yЕвро-Атлантический регион
_92153892
_3RU\NLR\auth\661601600
686 _aУ5-971
702 1 _aKobrinskaja
_bI. J.
_gIrina Jakovlevna
_4220
712 0 2 _4570
_8eng
_aInstitute of world economy and international relations
_cMoscow
_7ba
_3RU\NLR\AUTH\883074
_9277293
801 0 _aRU
_bNLR
_c20101113
_gRCR
801 1 _aRU
_bNLR
_c20101113
942 _cBOOK
980 _aNB